000 00716nam a22002297a 4500
003 OSt
005 20250819070302.0
008 250819b |||||||| |||| 00| 0 eng d
020 _a0936184809
040 _aDWC-Main Lib
_cOC
082 _aCirc. 641.821 B544 2004
245 _aA best recipe classic :
_bcover and bake/
250 _aFirst edition
260 _aBrookline, Massachusetts :
_bAmerica's Test Kitchen,
_cc2004.
300 _axiii, 325 pages :
_bsome color illustrations ;
_c28cm.
504 _aIncludes index.
650 _a1. Cooking.
650 _a2. Casserole ---Cooking.
650 _a3. Cookbooks.
650 _a4. Electronic Cooking.
942 _2ddc
_cBK-CIRC
_eFirst edition
_kCirc.
_n0
999 _c4084
_d4084